Statistics for Random Geography Quiz - B _ _ _ _ _ _

Click here to take the quiz!

General Stats

  • This quiz has been taken 1,563 times
  • The average score is 10 of 20

Answer Stats

HintAnswer% Correct
Landlocked South American countryBolivia
86%
Capital of Northern Ireland, United KingdomBelfast
85%
Southernmost state of GermanyBavaria
80%
Sovereign state in the Caribbean Sea near Florida, United StatesBahamas
79%
One of countries in ^Belgium
79%
African country bordering Tanzania, Rwanda, and D. R. CongoBurundi
76%
Word for calling people from BurmaBurmese
73%
Type of sausage named after Italian cityBologna
66%
British Overseas Territory in the North Atlantic OceanBermuda
63%
Ancient city located upon Euphrates RiverBabylon
61%
Form of English Language used in the UKBritish
59%
Language spoken mostly in Bangladesh and some western states in IndiaBengali
53%
Asian country located on the island with the same nameBahrain
52%
Region in Europe containing 3 countries between France and GermanyBenelux
47%
Capital name which means "Northern Capital"Beijing
28%
More common name of the place with longest nameBangkok
18%
Third most populous city in IndonesiaBandung
17%
Name of a type of administrative divisionBorough
10%
Mountain range on the western part of SumatraBarisan
2%
Buddhist monkBhikkhu
2%

Score Distribution

Percentile by Number Answered

Percent of People with Each Score

Your Score History

You have not taken this quiz